| 000 | 00371cam a2200145ua 4500 | ||
|---|---|---|---|
| 041 |
_aeng _h |
||
| 082 |
_a428.02 _bCAT/LI |
||
| 100 | _aCatford, J C . | ||
| 245 |
_aLinguistic theory of translation / _cJ C Catford. _hTextual Documents |
||
| 260 |
_aLondon : _bOxford University Press , _c1965. |
||
| 300 | _a103 ; . | ||
| 504 | _a | ||
| 942 | _cBK | ||
| 999 |
_c5111 _d5111 |
||